| 000 | 00500cam a2200205ua 4500 | ||
|---|---|---|---|
| 001 | 7016 | ||
| 005 | 20260515114137.0 | ||
| 008 | 141119n ii |||gr||||Z||||||eng | ||
| 020 | _a8171418821 | ||
| 040 | _cMAIN | ||
| 041 | _aeng | ||
| 082 | _a323 | ||
| 100 |
_aRao, Digumarti Bhaskara, _eEditor. |
||
| 245 | 1 |
_aHuman rights education _cEdited by Digumarti Bhaskara Rao |
|
| 250 | _a1st. | ||
| 260 |
_aNew Delhi: _bDiscovery, _c2004. |
||
| 300 | _av,542p. | ||
| 653 | _aHuman rights | ||
| 942 | _cBK | ||
| 999 |
_c6151 _d6151 |
||